Prehistoric cartography in Asia

Bibliographic Details
Published in:The history of cartography, J.B. Harley and David Woodward, Chicago [etc.], p. 1-22 (2)
Main Author: Delano Smith, Catherine
Content type: Article
Published: 1994
Source:MPIPL_cat

MARC

LEADER 00000naa a2200000 u 4500
001 PL0063292
003 PLI01000000000000000061520
005 00000000000000.0
008 ||| u
100 1 |a Delano Smith, Catherine 
245 0 0 |a Prehistoric cartography in Asia  |c Catherine Delano Smith 
260 |c 1994 
696 |a Smith, Catherine Delano 
773 0 8 |t The history of cartography  |a J.B. Harley and David Woodward  |k 2  |d Chicago [etc.]  |g p. 1-22  |w MPIPL_cat.PL0063291  |z 0-226-31637-8  |i In: 
952 |h p. 1-22 
996 |a Aufsatz 
997 |a book chapter